Paroles - Chanter pour ceux - Michel Berger - Statistiques

Statistiques générales
  • Ce quiz a été pris 189 fois
  • Le résultat moyen est 210 sur 262
Statistiques - réponses
Réponse % Correct
ceux
99%
chanter
99%
Chanter
99%
de
99%
Je
99%
je
99%
pour
99%
qui
99%
Qui
99%
veux
99%
Et
98%
son
98%
dans
97%
eux
97%
sont
97%
À
96%
a
96%
à
96%
fait
96%
mal,
96%
mal
96%
chez
95%
leur
95%
loin
95%
on
95%
Y
95%
ont
94%
leurs
93%
yeux
93%
chose
92%
Quelque
92%
la
84%
au
83%
83%
83%
pense
81%
d'eux
79%
fond
78%
peu
78%
Qu'on
76%
les
74%
oublie
73%
Ça
71%
ça
71%
Ils
68%
un
66%
En
65%
gardent
64%
du
62%
lui
62%
tête
61%
nuit
60%
toute
60%
Quand
59%
cette
58%
qu'ils
58%
quelqu'un
57%
aillent
56%
fille
56%
seuls
56%
ne
55%
Celui-là
53%
celui-là
53%
fête,
53%
monde
53%
passe
53%
petite
53%
plus
53%
des
52%
étoiles
52%
regarder
51%
bout
50%
pensant
50%
vie,
50%
tristes
49%
jamais
48%
comme
47%
joue
47%
père
45%
qu'au
45%
empire
43%
s'est
43%
sourire
43%
voit
42%
construit
41%
veut
41%
partout
40%
sur
37%
volé
37%
prison
33%
histoire,
32%
mémoire?
32%
d'une
31%
barreaux
30%
jours
29%
miroir?
29%
piétiné
27%
marche
26%
comptera
20%
bâtons
18%
voudra
17%
alignant
13%
bombes,
12%
Aucun quiz correspondant
Distribution des résultats
% des personnes avec chaque résultat
Percentile par nombre de réponses
Votre historique - résultats
Vous n’avez pas pris ce quiz